000
00328nam a22001457a 4500
020
_a
93-80557-79-5
082
_a
894.812.3
_b
CHE/K
100
_a
CHARUVIL ASOKAN
245
_a
KADALKKARAYILE VEEDU
250
_a
FIRST
260
_a
THRISSUR
_b
H&C PUBLISHING HOUSE
_c
2010
300
_a
62
650
_a
STORY
_z
KERALA
942
_c
BK
999
_c
1486
_d
1486